000 00827nam a22002297a 4500
999 _c16795
_d16795
003 AR-CdUCM
008 190506b ||||| |||| 00| 0 spa d
040 _aMUNICIPALIDAD PROVINCIAL DEL CUSCO
_cBIBLIOTECA MUNICIPAL DEL CUSCO
082 _a340.8 /
_bC29
100 _aCarnelutti, Francesco
_95136
245 _aCómo se hace un proceso /
260 _aBuenos Aires :
_bJurídicas Europa-América,
_c1959.
300 _a199 páginas ;
_c16 cm.
440 _aBreviarios de derecho ;
_n23
_936462
505 _aContenido: El drama -- El proceso penal -- El proceso civil -- El juez -- Las partes -- Las pruebas...
650 _aDerecho
_9739
650 _aProceso penal
_95137
650 _aProceso civil
_910849
700 _aSantís Melendo, Santiago (traductor)
_936463
942 _2ddc
_cLIBROS
945 _aacv
_d2019-05-06